Contestaciones Reus derecho civil español común y foral (Record no. 41821)

MARC details
000 -LEADER
campo de control de longitud fija 00915nam a2200217 i 4500
001 - NÚMERO DE CONTROL
campo de control 41821
003 - IDENTIFICADOR DE NÚMERO DE CONTROL
campo de control ES-MaACL
005 - FECHA Y HORA DE LA ÚLTIMA TRANSACCIÓN
campo de control 20231229063008.0
007 - CAMPO FIJO DE DESCRIPCIÓN FÍSICA--INFORMACIÓN GENERAL
campo de control de longitud fija t|
008 - DATOS DE LONGITUD FIJA--INFORMACIÓN GENERAL
campo de control de longitud fija 030311m19301931sp ||||1| spa d
100 1# - ENTRADA PRINCIPAL--NOMBRE DE PERSONA
Nombre de persona Castán Tobeñas, José,
Fechas asociadas al nombre 1889-1969
9 (RLIN) 36392
245 10 - MENCIÓN DEL TÍTULO
Título Contestaciones Reus derecho civil español común y foral
Resto del título : obra ajustada al programa para las oposiciones a notarías /
Mención de responsabilidad, etc. por José Castán Tobeñas.
250 ## - MENCION DE EDICION
Mención de edición 3ª ed. reform.
260 ## - PUBLICACIÓN, DISTRIBUCIÓN, ETC.
Lugar de publicación, distribución, etc. Madrid :
Nombre del editor, distribuidor, etc. Reus,
Fecha de publicación, distribución, etc. 1930-31.
300 ## - DESCRIPCIÓN FÍSICA
Extensión 3 v. ;
Dimensiones 23 cm.
490 1# - MENCIÓN DE SERIE
Mención de serie Biblioteca de oposiciones
505 8# - NOTA DE CONTENIDO CON FORMATO
Nota de contenido con formato Contiene: T. : V. I: Norma jurídica y sus problemas personas. Bienes de propiedad y sus modificaciones. V. II: Modos de adquirir la propiedad : donación, sucesiones. -- T. II: Obligaciones y contratos
830 0# - PUNTO DE ACCESO ADICIONAL DE SERIE-TÍTULO UNIFORME
Título uniforme Biblioteca de oposiciones
9 (RLIN) 229806
852 ## - LOCALIZACIÓN
Ubicación ES-MaACL
Número de control de estantería A-1254-56
Sublocalización o colección R.11514
Holdings
Estatus retirado Estado de pérdida Estado de daño No para préstamo Biblioteca de origen Biblioteca actual Ubicación en estantería Fecha de adquisición Fuente de adquisición Total de préstamos Signatura topográfica completa Código de barras Visto por última vez Precio de reemplazo Tipo de ítem Koha
        Biblioteca del Ateneo de Madrid Biblioteca del Ateneo de Madrid Sala Pecera Planta 1 17/01/2008     A-1254-56 1044026 23/02/2023 23/02/2023 Libro impreso